| 000 | 00470nam a22001937a 4500 | ||
|---|---|---|---|
| 003 | MPLRDC | ||
| 005 | 20220104114423.0 | ||
| 008 | 210129b ||||| |||| 00| 0 eng d | ||
| 020 | _a983-41782-1-2 | ||
| 082 | _a868.71 HZT-2 | ||
| 100 | _a黄芝婷 | ||
| 245 |
_a你值多少? _c |
||
| 250 | _a初版 | ||
| 260 |
_a马来西亚 _b星河出版社 _c2004 |
||
| 300 | _b206 | ||
| 490 | _a爱在深处系列. 1 | ||
| 650 | _a马华文学 | ||
| 942 |
_cBK _o868.71 HZT-2 |
||
| 999 |
_c7330 _d7320 |
||